| 000 | 00365nam a22001577a 4500 | ||
|---|---|---|---|
| 003 | SGT | ||
| 082 |
_a616.024 _bI90S |
||
| 100 | _aSCHAMROTH. LEO | ||
| 245 | _aAN INTRODUCTION TO ELECTROCARDIOGRAPHY | ||
| 250 | _a7TH | ||
| 260 |
_aU.K. _bBLACKWELL SCI _c1990 |
||
| 300 | _a457 | ||
| 650 | _aGENERAL MEDICINE | ||
| 653 | _aELECTROCARDIOGRAPHY | ||
| 942 |
_2ddc _cRARE |
||
| 999 |
_c22336 _d22336 |
||